| 000 | 00503nam a22001697a 4500 | ||
|---|---|---|---|
| 003 | OSt | ||
| 008 | 260629b |||||||| |||| 00| 0 eng d | ||
| 020 | _a9789355703804 | ||
| 082 |
_a635.0491 _bJ11A |
||
| 100 | _a J, Jyothsna | ||
| 245 | _aAbiotic stress management in vegetable crops/by Jyothsna J | ||
| 260 |
_aNew Delhi : _bAkinik Publications. _c2022 |
||
| 300 | _a72 p. | ||
| 650 | _aTechnology (Applied sciences) | ||
| 650 | _aGarden crops (Horticulture) / Vegetable science | ||
| 942 |
_2ddc _cBK |
||
| 999 |
_c52470 _d52470 |
||